American Groups of Six - Statistics

General Stats
  • This quiz has been taken 1,212 times
    1,206 since last reset
  • The average score is 28 of 54
Answer Stats
Group Members % Correct
Top 10 World Universities in US Harvard
90%
Olympic Host Cities Los Angeles
90%
Ways to Score in Football Touchdown
89%
New England States Maine
87%
Top 10 World Universities in US Yale
87%
6 Most Popular Newspapers The New York Times
86%
New England States Massachusetts
85%
New England States New Hampshire
85%
New England States Vermont
85%
New England States Connecticut
84%
New England States Rhode Island
84%
Olympic Host Cities Atlanta
79%
Friends Characters Joey
77%
Friends Characters Ross
76%
Friends Characters Phoebe
75%
Friends Characters Rachel
75%
Friends Characters Chandler
74%
Friends Characters Monica
73%
Ways to Score in Football Field Goal
68%
Top 10 World Universities in US Princeton
64%
College Football Playoff Bowls Rose
64%
Olympic Host Cities Salt Lake City
64%
Biggest Las Vegas Strip Casinos MGM Grand
59%
Big 6 Hollywood Studios Columbia
58%
Top 10 World Universities in US MIT
57%
Big 6 Hollywood Studios Walt Disney
57%
Top 10 World Universities in US Stanford
50%
College Football Playoff Bowls Orange
48%
Ways to Score in Football Safety
47%
Olympic Host Cities Lake Placid
46%
Olympic Host Cities St Louis
43%
Big 6 Hollywood Studios Universal
41%
Big 6 Hollywood Studios Paramount
40%
6 Most Popular Newspapers The Wall Street Journal
40%
Big 6 Hollywood Studios 20th Century Fox
38%
Ways to Score in Football Extra Point
38%
Big 6 Hollywood Studios Warner Brothers
37%
College Football Playoff Bowls Sugar
35%
College Football Playoff Bowls Cotton
34%
Ways to Score in Football Two-Point Conversion
32%
College Football Playoff Bowls Fiesta
28%
6 Most Popular Newspapers USA Today
27%
Biggest Las Vegas Strip Casinos Luxor
25%
6 Most Popular Newspapers Los Angeles Times
24%
6 Most Popular Newspapers New York Post
22%
College Football Playoff Bowls Peach
18%
Top 10 World Universities in US Caltech
16%
Olympic Host Cities Squaw Valley
15%
Biggest Las Vegas Strip Casinos Venetian/Palazzo
12%
Biggest Las Vegas Strip Casinos Mandalay Bay
11%
Biggest Las Vegas Strip Casinos Wynn/Encore
11%
6 Most Popular Newspapers Daily News
4%
Ways to Score in Football Fair Catch Kick
2%
Biggest Las Vegas Strip Casinos Exalibur
0%
No matching quizzes found
Score Distribution
Percent of People with Each Score
Percentile by Number Answered
Your Score History
You have not taken this quiz since the last reset